|
|
|
|
| LEADER |
00598cam a2200205 a 4500 |
| 001 |
0000039145 |
| 005 |
19980507090000.0 |
| 040 |
|
|
|a mod
|
| 041 |
|
|
|a eng
|
| 020 |
0 |
0 |
|a 9971654792
|
| 090 |
0 |
0 |
|a 331.702
|b CHU
|
| 100 |
1 |
0 |
|a CHUAH
|h Ai Mee
|
| 245 |
1 |
0 |
|a So yo want to work in a hotel
|c Chuah Ai Mee
|
| 260 |
0 |
0 |
|a Kuala Lumpur
|b Times Bks International
|c 1988
|
| 300 |
0 |
0 |
|a vi, 98p.
|b ill.
|c 22cm
|
| 650 |
0 |
0 |
|a Hotels, taverns, etc
|x Vocational guidance
|
| 650 |
0 |
0 |
|a Vocational guidance
|
| 650 |
0 |
0 |
|a Career development
|
| 852 |
0 |
0 |
|a 01
|
| 999 |
|
|
|a 0102407
|b KEMENTAH
|d BOOKS
|e Rujukan
|f Perpustakaan KEMENTAH
|j AVAILABLE
|q OLD
|